000 00567nam a22002057a 4500
003 UA-OsUOA
001 44940
007 ta
008 20110713b un ||||| |||| 00| 0 ukr d
090 _a7/017
942 _cBK
040 _aUA-OsUOA
_bukr
_cUA-OsUOA
_dUA-OsUOA
245 _aCatalogue of cultural property stolen from Ukrainian state museums, reserves, institutions and private collections (1999-2009)
300 _a102 c. с.
955 _a4
041 _aukr
080 _a7/017
650 7 _a7 Мистецтво. Ігри. Спорт.
_2UDC
999 _c425042
_d425042